| 000 | 00523nam a2200157Ia 4500 | ||
|---|---|---|---|
| 008 | 230907s9999||||xx |||||||||||||| ||und|| | ||
| 082 |
_a621.3 _bRAB |
||
| 100 |
_aRabbaya Akhtar (00000277910) _9116733 |
||
| 245 | 0 | _aReal Time Optimal Decentralized Voltage Regulation Scheme of Active Distribution Networks on Per Phase Basis / | |
| 260 |
_aUSPCAS-E, NUST, _bIslamabad : _c2022 |
||
| 300 | _axii, 56 p. | ||
| 520 | _aTH-401 | ||
| 650 | _aMS-EEP Thesis MS Thesis | ||
| 700 |
_aDr Kashif Imran _9117108 |
||
| 942 |
_cTHE _2ddc |
||
| 999 |
_c602079 _d602079 |
||